01688cam a22003374i 4500003000900000005001700009008004100026040003300067082001900100100005100119245010600170264006800276300005600344504004800400505069500448526001001143526001001153526001001163526001001173526000801183526000801191526000801199526000801207526000801215526000801223526000801231650004801239650001501287650001701302650003101319PE-LiUPU20250731173058.0150623s r 000 0 d bspacPE-LiUPUdPE-LiUPUerda04a296bG464p2201 aGilbert, Frederick Carnes,d1867-1946,eautor.10aPractical lessons from the experience of Israel for the church of to-day /cFrederick Carnes Gilbert. 1aNashville, Tennessee :bSouthern Publishing Association,c1972. a826 páginas :bilustraciones ;c21 centímetros. aContiene index de la página 793 a la 826.0 aGod's purpose with the Jews. -The talmudic writings. Their origin. -The different sects of jews, and their belief. -The sect of the pharisees. -The teachings of Christ versus the teaching of the rabbis. -The wearing of the garment and the phylacteries. - Jesus teaching the law. -What the jwes might have known. -Art thou the Christ, the son of the Blessed?. -God's purpose in building the sanctuary. -Why the law was given on Sinai. -The articles of furniture in the sanctuary -. -The priesthood and the offerings. -The festivals and the feasts. -The festivals and the fasts. -A remarkable prophecy, and its fulfillment. -The yoke of Bondage. -The value and inspiration of the scriptures.  aSEG42 aSEG41 aSEG40 aSEG39 aP94 aP87 aP86 aP85 aP77 aP76 aP35 0aCristianismo y otras religionesxJudaísmo 0aJudaísmo 0aCristianismo 0aRelaciones interreligiosas